Porovnanie výpočtov palivových kaziet s vyhorievajúcim gadolíniovým absorbátorom v kódoch SCALE a MCNP

Saved in:
Bibliographic Details
Main Author: Salaj, Andrej, 1989- (Author)
Other Authors: Nečas, Vladimír, 1954- (Thesis advisor)
Format: Manuscript Book
Language:Slovak
Published: Bratislava : STU v Bratislave FEI, 2012
Online Access:VAIS
Tags: Add Tag
No Tags, Be the first to tag this record!

MARC

LEADER 00000ntm a22000003a 4500
001 stu250602
005 20150617230224.4
008 120717s2012----xo------------------slo-d
040 |a STU  |b slo 
041 0 |a slo 
044 |a xo 
100 1 |a Salaj, Andrej,  |d 1989-  |4 aut  |u E  |T FEI Fakulta elektrotechniky a informatiky  |X 50686  |U E  |Y 30  |7 A000050686 
242 0 0 |a Comparison of calculations of fuel assemblies with gadolinium burnable poison calculated in SCALE and MCNP  |y eng 
245 1 |a Porovnanie výpočtov palivových kaziet s vyhorievajúcim gadolíniovým absorbátorom v kódoch SCALE a MCNP  
260 |a Bratislava :  |b STU v Bratislave FEI,  |c 2012 
300 |a 62 s 
700 1 |a Nečas, Vladimír,  |d 1954-  |4 ths  |u E060  |U FEI Fakulta elektrotechniky a informatiky  |T FEI Ústav jadrového a fyzikálneho inžinierstva  |X 1934  |U E060  |Y 817  |7 A000001934 
856 4 |a info a plný text  |u http://is.stuba.sk/zp/portal_zp.pl?podrobnosti=81949  |3 VAIS 
996 |b 284EP10078  |c E*DIPL-10078  |l EE36  |s P  |a 0  |w stu250602_0001